Etica de las profesiones jurídicas.
Uloženo v:
| Hlavní autor: | |
|---|---|
| Médium: | Kniha |
| Jazyk: | španělština |
| Vydáno: |
Bilbao, España
Desclée Du Brouwer
2006
|
| Edice: | Colección Etica de las Profesiones
|
| Témata: | |
| Tagy: |
Přidat tag
Žádné tagy, Buďte první, kdo vytvoří štítek k tomuto záznamu!
|
MARC
| LEADER | 00000nam a2200000 a 4500 | ||
|---|---|---|---|
| 001 | UCI7589 | ||
| 003 | CL-VaPUC | ||
| 005 | 20220111104455.0 | ||
| 008 | 080710e20060000SP |||||||||||||||||spa|d | ||
| 999 | |c 330812 |d 330810 | ||
| 020 | |a 8433020404 | ||
| 040 | |c Pontificia Universidad Católica de Valparaíso | ||
| 082 | 0 | 4 | |a 174.934 GRA 2006 |2 21 |
| 100 | 0 | |a Grande Yáñez, Miguel |9 530850 | |
| 245 | 1 | 0 | |a Etica de las profesiones jurídicas. |
| 260 | 0 | 3 | |a Bilbao, España |b Desclée Du Brouwer |c 2006 |
| 300 | |a 264 páginas. | ||
| 490 | 0 | |a Colección Etica de las Profesiones | |
| 583 | |a last modification |c 20080710 00:00:00 |k Rodrigo Vera | ||
| 650 | 0 | |a Etica jurídica |9 255897 | |
| 650 | 0 | |a Etica profesional |9 255694 | |
| 650 | 0 | |a Abogados |9 256284 | |
| 942 | |c BK |2 ddc | ||
| 945 | |d 20080710 00:00:00 |a jtorresc | ||
| 952 | |0 0 |1 0 |2 ddc |4 0 |6 174_934000000000000_GRA_2006 |7 0 |8 A |9 416651 |a BIBTEO |b BIBTEO |d 2019-11-22 |i 4456378 |o 174.934 GRA 2006 |p 4456378 |r 2025-01-17 |t 1 |w 2019-11-22 |y BK |k ICR | ||